A capitalist diaspora : the Greeks in the Balkans

Saved in:
Bibliographic Details
Main Author: Καμάρας, Αντώνης
Corporate Author: European Institute (London School of Economics and Political Science) Hellenic Observatory
Format: Book
Language:English
Published: London : London School of Economic & Political Science, 2001.
Series:Discussion paper ; 4.
Subjects:
Tags: Add Tag
No Tags, Be the first to tag this record!

MARC

LEADER 00000cam a2200000 a 4500
001 1/119885
008 190906t2001####uk | ||| |||| ||eng||
040 |a GR-MyUa  |b gre  |c GR-MyUa  |e AACR2 
041 0 |a eng 
082 7 |a 332.6734950496   |2 (23)  
100 1 |a Καμάρας, Αντώνης. 
245 1 |a A capitalist diaspora :   |b the Greeks in the Balkans /   |c Antonis Kamaras.  
260 |a London :   |b London School of Economic & Political Science,   |c 2001.  
300 |a 57 σ. :   |b πίν. ;   |c 30 εκ.  
504 |a Περιλαμβάνει βιβλιογραφικές παραπομπές.  
650 0 |a Business enterprises  |z Balkan Peninsula. 
651 4 |a Greeks   |x Commerce   |v Balkan Peninsula. 
710 2 |a European Institute (London School of Economics and Political Science)  |b Hellenic Observatory. 
830 0 |a Discussion paper ;  |v 4.  
852 |a INST  |b CHIOS  |c TSAMOYRGELIS  |e 20190906  |h 332.6734950496 ΚΑΜ  |p 005200037708  |q 005200037708  |t BK  |y 0 
920 |a Τσαμουργκέλης  |b Ιωάννης  |y Χίος  |z 2017-04 
970 |a Σπέντζα  |b Ελένη  |z 06-09-2019